000 00333nam a2200121Ia 4500
008 250110s9999 xx 000 0 und d
041 _aeng
100 _aPendharkar Sangeeta
245 _aSenior Citizen Housing Nagpur
260 _bFinal Year B.Arch ID, Pune
_c2014
300 _a58p
700 _aGuide Name:Chipalkatti Uday
_9210314
999 _c363506
_d363506